Normal view MARC view
  • Khan, Farnaz Nasrullah

Entry Personal Name

Number of records used in: 1

001 - CONTROL NUMBER

  • control field: 127321

003 - CONTROL NUMBER IDENTIFIER

  • control field: NUST

005 - DATE AND TIME OF LATEST TRANSACTION

  • control field: 20250101155328.0

008 - FIXED-LENGTH DATA ELEMENTS

  • fixed length control field: 250101|| aca||aabn | a|a d

040 ## - CATALOGING SOURCE

  • Original cataloging agency: NUST
  • Transcribing agency: NUST

100 ## - HEADING--PERSONAL NAME

  • Personal name: Khan, Farnaz Nasrullah

670 ## - SOURCE DATA FOUND

  • Source citation: Work cat.: (NUST): Khan, Farnaz Nasrullah, Multi-Level Comparative Analysis of Climate Change News on Different Channels of YouTube/
© 2023 Central Library, National University of Sciences and Technology. All Rights Reserved.